| 000 | 01162nam a2200289 a 4500 | ||
|---|---|---|---|
| 001 | 21803 | ||
| 003 | BD-RjUL | ||
| 005 | 20211209000730.0 | ||
| 008 | 140305t1967 enk 000 0 eng | ||
| 035 | _a10-04801 | ||
| 035 | _a(BD-RjUL)21868 | ||
| 040 |
_aDLC _cIOD _dm.c _dEQO _dBD-RjUL _beng |
||
| 041 | 1 |
_aeng _hfreita |
|
| 082 | 0 | 4 |
_a851.1 _bBOD 1967 |
| 100 | 1 |
_aBoccaccio, Giovanni, _d1313-1375. _967313 |
|
| 245 | 1 | 4 |
_aThe Decameron / _cpreserved to posterity by Giovanni Boccaccio, and translated into English anno 1620; with an introduction by Edward Hutton... _nVolume-IV |
| 260 |
_aNew york : _bAMS press, _c1967. |
||
| 300 |
_aV-4 (xix, 311 p.) ; _c22 cm. |
||
| 500 | _a"The first part of this translation, containing the first five days, is reprinted from the edition of 1625; the second part, containing the last five days, from that of 1620."--v. 1, on leaf preceding p. [1] | ||
| 650 | 1 |
_a Italian fiction -- Translations into English. _967314 |
|
| 700 | 1 |
_aHutton, Edward, _d1875-1969. _964741 |
|
| 700 | 1 |
_aHenry, W.E. _967315 |
|
| 830 | 0 |
_aTudor translations _967316 |
|
| 942 |
_2ddc _cBK |
||
| 999 |
_c21803 _d21803 |
||